| 000 | 00587nam a2200229Ia 4500 | ||
|---|---|---|---|
| 001 | 793 | ||
| 003 | GE_BSU | ||
| 008 | 181216s||||||||xx |||||||||||||| ||und|| | ||
| 020 | _a581140512Х | ||
| 040 | _cGE_BSU | ||
| 080 | _a502(075.8) | ||
| 100 | _aАвраменко, И.М. | ||
| 245 | _aПриродопользование | ||
| 245 | _bКурс лекции для студ-в вузов | ||
| 260 | _aСПБ | ||
| 260 | _bИзд-во "Лань | ||
| 260 | _c2003 | ||
| 300 | _a128стр. | ||
| 541 | _h4л. | ||
| 653 | _aПриродопользование | ||
| 942 | _cBK | ||
| 999 |
_c34962 _d34962 |
||